|
|
|
|
| LEADER |
00901nam a22002537a 4500 |
| 001 |
AAL8486 |
| 003 |
BD-DhAAL |
| 005 |
20160402154626.0 |
| 008 |
160402s 2011bg ||||| |||| 00| 0 ben d |
| 020 |
|
|
|a 9789845041263
|
| 040 |
|
|
|a BD-DhAAL
|c BD-DhAAL
|
| 082 |
|
|
|a 891/.4414
|
| 999 |
|
|
|c 37324
|d 37324
|
| 999 |
|
|
|c 37324
|
| 999 |
|
|
|c 0
|
| 100 |
|
|
|a দাস, সুব্রত কুমার
|9 18914
|
| 245 |
|
|
|a রবীন্দ্রনাথ :
|b ইঙ্গরেজি শেখানো /
|c সুব্রত কুমার দাস
|
| 260 |
|
|
|a ঢাকা :
|b মূর্ধণ্য,
|c ২০১১
|
| 300 |
|
|
|a ৮০ পৃ. ;
|c ২১ সেমি.
|
| 490 |
|
|
|a রবীন্দ্র-স্মারক গ্রন্থমালা
|
| 541 |
|
|
|e 8486
|
| 600 |
|
|
|a Tagore, Rabindranath,
|d 1861-1941.
|9 18830
|
| 852 |
|
|
|a Savar Campus Library
|c General Shelf
|
| 942 |
|
|
|2 ddc
|c BK
|